Statistics for Point-and-Click Adventure Videogames

Click here to take the quiz!

General Stats

  • This quiz has been taken 11 times
  • The average score is 13 of 24

Answer Stats

Answer% Correct
Day of the Tentacle
100%
Deponia
86%
Edna & Harvey: The Breakout
86%
Grim Fandango
86%
The Secret of Monkey Island
86%
Broken Sword
71%
Full Throttle
71%
King's Quest
71%
Leisure Suit Larry in the Land of the Lounge Lizards
71%
Myst
71%
Freddi Fish
57%
Little Misfortune
43%
Pajama Sam
43%
Put-Put
43%
Syberia
43%
Dark Eye: Chains of Satinav
29%
Dropsy
29%
Heroine's Quest
29%
Machinarium
29%
Mothered
29%
The Black Mirror
29%
The Legend of Kyrandia
29%
The Longest Journey
29%
Unusual Findings
29%

Score Distribution

Percentile by Number Answered

Percent of People with Each Score

Your Score History

You have not taken this quiz